Normal view
MARC view
- Garber, Nicholas J.
Entry Personal Name
001 - CONTROL NUMBER
- control field: 855
003 - CONTROL NUMBER IDENTIFIER
- control field: NUST
005 - DATE AND TIME OF LATEST TRANSACTION
- control field: 20170516121402.0
008 - FIXED-LENGTH DATA ELEMENTS
- fixed length control field: 170516|| aca||aabn | a|a d
040 ## - CATALOGING SOURCE
- Original cataloging agency: NUST
- Transcribing agency: NUST
100 ## - HEADING--PERSONAL NAME
- Personal name: Garber, Nicholas J.
670 ## - SOURCE DATA FOUND
- Source citation: Work cat.: (NUST)0: Hoel, Lester A. 853, Transportation infrastructure engineering :, c2008.
